000 00328 a2200169 4500
001 192229
020 _a85-322-0379-5
040 _cMagnum
100 _aPompéia, Raul
240 1 0 _aO Ateneu
_lpor
245 1 0 _aO Ateneu
300 _a198
362 0 _a1992
440 1 _aFTD
697 _aLITERATURA GERAL
942 _cBK
999 _c192229
_d192229